Kauza Jakabovho paláca pokračuje, Najvyšší súd stopol verdikt krajského

Bibliographic Details
Corporate Author: Tlačová agentúra Slovenskej republiky (Author)
Format: Article
Language:Slovak
PhysicalDescription:Fotografie
ISSN:2585-7355
Subjects:
Online Access:https://kosice.korzar.sme.sk/c/23191728/kauza-jakabovho-palaca-v-kosiciach-pokracuje-najvyssi-sud-stopol-verdikt-krajskeho.html

MARC

LEADER 00000nab a2200000u 4500
001 vtls012234758
003 SK-MaSNL
005 20260303182035.0
008 230712|20230710xo ||||||| || ||slo|
038 |a KEVKJB 
040 |a KEVKJB  |b slo  |e rda 
041 0 |a slo 
043 |a e-xo--- 
044 |a xo  |c SK 
072 7 |a 904  |x Kultúrne pamiatky historického obdobia všeobecne  |2 konspekt 
080 |a 904:72  |2 2011 
110 2 |a Tlačová agentúra Slovenskej republiky  |4 aut  |9 177619 
245 0 0 |a Kauza Jakabovho paláca pokračuje, Najvyšší súd stopol verdikt krajského  |c [autor] (tasr) 
300 |b Fotografie 
336 |a text  |b txt  |2 rdacontent 
337 |a bez média  |b n  |2 rdamedia 
338 |a zväzok  |b nc  |2 rdacarrier 
610 2 7 |a Jakabov palác (Košice, Slovensko)  |2 SNKKAcsnkv  |9 29729 
650 0 7 |a národné kultúrne pamiatky  |2 SNKPH  |9 31192 
650 0 7 |a paláce  |2 SNKPH  |9 26828 
650 0 7 |a súdne spory  |2 SNKPH  |9 59780 
651 7 |a Košice (Slovensko)  |2 SNKPHgeo  |9 18694 
773 0 |t Korzár  |g Roč. XXVI., č. 130 (10.7.2023), s. 2  |x 2585-7355 
852 |a KEVKJB  |b KIS3GCP 
856 4 1 |u https://kosice.korzar.sme.sk/c/23191728/kauza-jakabovho-palaca-v-kosiciach-pokracuje-najvyssi-sud-stopol-verdikt-krajskeho.html 
999 |c 2115413  |d 2117343